000 00704nam a2200289Ia 4500
005 20260324133150.0
008 008 260324s9999 xx 000 0 eng d
020 _a9781315086262
037 _aEBOOK
040 _aCRL
040 _beng
040 _cCRL
041 _2eng
041 _aeng
084 _qCRL
100 _aVictoriaL. Cooper
_91192043
245 4 _aThe House of Novello
245 0 _bPractice and Policy of a Victorian Music Publisher, 1829-1866
260 _bTaylor and Francis
260 _c2003
365 _a
365 _b230
856 _uhttp://www.taylorfrancis.com/books/9781315086262
942 _cEBOOK
999 _c1790851
_d1790851